[Event "San Cristobal de La Laguna op 2nd"]
[Site "San Cristobal de la Laguna"]
[Date "2019.09.04"]
[Round "5"]
[White "Stiefel, Roland"]
[Black "Becking, Franz Josef"]
[Result "1-0"]
[WhiteElo "2078"]
[BlackElo "1828"]
[PlyCount "59"]
[EventDate "2019.08.31"]
[EventType "swiss"]
[EventRounds "9"]
[EventCountry "ESP"]
[SourceTitle "EXT 2020"]
[Source "ChessBase"]
[SourceDate "2019.10.17"]
[SourceVersion "1"]
[SourceVersionDate "2019.10.17"]
[SourceQuality "1"]

1. d4 d5 2. Bf4 Nf6 3. e3 c5 4. c3 Nc6 5. Nd2 cxd4 6. exd4 e6 7. Bg3 Bd6 8. f4 Qb6 9. Rb1 a5 10. Bd3 Bd7 11. Ngf3 Ne7 12. Ne5 Bb5 13. Qb3 Bb4 14. Bxb5+ Qxb5 15. a3 Nc6 16. axb4 Nxe5 17. dxe5 Ne4 18. Nxe4 dxe4 19. c4 Qxb4+ 20. Qxb4 axb4 21. Ke2 Ke7 22. Ke3 Rhc8 23. Rhc1 Ra4 24. Kxe4 b5 25. cxb5 b3+ 26. Ke3 Rd8 27. Bh4+ f6 28. Rc7+ Ke8 29. exf6 gxf6 30. Bxf6 1-0

[Event "Pula op 29th"]
[Site "Pula"]
[Date "2015.06.13"]
[Round "1"]
[White "Becking, Franz Josef"]
[Black "Zufic, Miroslav"]
[Result "0-1"]
[WhiteElo "1940"]
[BlackElo "2462"]
[PlyCount "26"]
[EventDate "2015.06.13"]
[EventType "swiss"]
[EventRounds "9"]
[EventCountry "CRO"]
[SourceTitle "CBM 167 Extra"]
[Source "ChessBase"]
[SourceDate "2015.09.14"]
[SourceVersion "1"]
[SourceVersionDate "2015.09.14"]
[SourceQuality "1"]

1. d4 Nf6 2. Nf3 g6 3. Nc3 Bg7 4. e4 d6 5. Bg5 0-0 6. e5 Nfd7 7. e6 fxe6 8. Bd3 c5 9. Qe2 cxd4 10. Qxe6+ Kh8 11. Nd5 Ne5 12. Bxe7 Bxe6 13. Bxd8 Bxd5 0-1

[Event "Benidorm op U2000 13th"]
[Site "Benidorm"]
[Date "2014.12.06"]
[Round "9"]
[White "Becking, Franz Josef"]
[Black "Campos Gutierrez, Luis Maria"]
[Result "1/2-1/2"]
[WhiteElo "1933"]
[BlackElo "1844"]
[PlyCount "43"]
[EventDate "2014.11.28"]
[EventType "swiss"]
[EventRounds "10"]
[EventCountry "ESP"]
[SourceTitle "CBM 163 Extra"]
[Source "ChessBase"]
[SourceDate "2014.12.23"]
[SourceVersion "1"]
[SourceVersionDate "2014.12.23"]
[SourceQuality "1"]

1. d4 Nf6 2. Bg5 b5 3. e3 a6 4. Nf3 Bb7 5. Nbd2 e6 6. Bd3 h6 7. Bxf6 Qxf6 8. Ne4 Bxe4 9. Bxe4 d5 10. Bd3 c5 11. c3 Nc6 12. 0-0 Be7 13. Qe2 0-0 14. Rac1 e5 15. Nxe5 Nxe5 16. dxe5 Qxe5 17. Bb1 Rfe8 18. Rcd1 Rad8 19. Qf3 Bd6 20. g3 Bc7 21. Qf5 Qxf5 22. Bxf5 1/2-1/2

[Event "Benidorm op U2000 13th"]
[Site "Benidorm"]
[Date "2014.12.04"]
[Round "7"]
[White "Becking, Franz Josef"]
[Black "Esquerdo Nogueroles, Jaime"]
[Result "1/2-1/2"]
[WhiteElo "1933"]
[BlackElo "1768"]
[PlyCount "34"]
[EventDate "2014.11.28"]
[EventType "swiss"]
[EventRounds "10"]
[EventCountry "ESP"]
[SourceTitle "CBM 163 Extra"]
[Source "ChessBase"]
[SourceDate "2014.12.23"]
[SourceVersion "1"]
[SourceVersionDate "2014.12.23"]
[SourceQuality "1"]

1. d4 f5 2. Nc3 e6 3. e4 fxe4 4. Nxe4 Nf6 5. Bg5 Be7 6. Nc3 Nc6 7. Nf3 b6 8. a3 Bb7 9. Bd3 0-0 10. Qe2 Qe8 11. 0-0-0 Qh5 12. Bd2 Rfe8 13. h3 Nd5 14. Nxd5 Qxd5 15. Qe4 Qxe4 16. Bxe4 Na5 17. Bxb7 Nxb7 1/2-1/2

[Event "Benidorm op U2000 13th"]
[Site "Benidorm"]
[Date "2014.12.03"]
[Round "6"]
[White "Buenafe Moya, Jesus"]
[Black "Becking, Franz Josef"]
[Result "0-1"]
[WhiteElo "1807"]
[BlackElo "1933"]
[PlyCount "42"]
[EventDate "2014.11.28"]
[EventType "swiss"]
[EventRounds "10"]
[EventCountry "ESP"]
[SourceTitle "CBM 163 Extra"]
[Source "ChessBase"]
[SourceDate "2014.12.23"]
[SourceVersion "1"]
[SourceVersionDate "2014.12.23"]
[SourceQuality "1"]

1. Nf3 Nf6 2. c4 e6 3. Nc3 d5 4. e3 c6 5. d4 Nbd7 6. b3 Bb4 7. Bb2 Ne4 8. Qc2 Qa5 9. Rc1 0-0 10. Bd3 Bxc3+ 11. Bxc3 Qxc3+ 12. Qxc3 Nxc3 13. Rxc3 dxc4 14. bxc4 Re8 15. 0-0 e5 16. Bf5 exd4 17. Bxd7 Bxd7 18. exd4 Re2 19. Ne5 Be6 20. Rd1 Rd8 21. a3 Rxe5 0-1

[Event "Benidorm op U2000 13th"]
[Site "Benidorm"]
[Date "2014.11.30"]
[Round "3"]
[White "Becking, Franz Josef"]
[Black "Sancho Castiello, Federico"]
[Result "1/2-1/2"]
[WhiteElo "1933"]
[BlackElo "1817"]
[PlyCount "45"]
[EventDate "2014.11.28"]
[EventType "swiss"]
[EventRounds "10"]
[EventCountry "ESP"]
[SourceTitle "CBM 163 Extra"]
[Source "ChessBase"]
[SourceDate "2014.12.23"]
[SourceVersion "1"]
[SourceVersionDate "2014.12.23"]
[SourceQuality "1"]

1. d4 Nf6 2. Nf3 e6 3. e3 b6 4. c4 Bb4+ 5. Bd2 Bxd2+ 6. Nbxd2 Bb7 7. Bd3 c5 8. 0-0 cxd4 9. exd4 0-0 10. Rc1 d6 11. Re1 Nbd7 12. Ne4 Nxe4 13. Bxe4 Bxe4 14. Rxe4 Rc8 15. Re2 Nf6 16. b4 Qd7 17. Qb3 Rc7 18. Rec2 Rfc8 19. h3 h6 20. Qe3 Qa4 21. Qb3 Qd7 22. Qe3 Qa4 23. Qb3 1/2-1/2

[Event "Schleswig Holstein-ch Seniors op"]
[Site "Buesum"]
[Date "2014.10.03"]
[Round "9"]
[White "Becking, Franz Josef"]
[Black "Kalkmann, Hans"]
[Result "0-1"]
[WhiteElo "1925"]
[BlackElo "1944"]
[PlyCount "112"]
[EventDate "2014.09.25"]
[EventType "swiss"]
[EventRounds "9"]
[EventCountry "GER"]
[SourceTitle "EXT 2018"]
[Source "ChessBase"]
[SourceDate "2017.10.13"]
[SourceVersion "1"]
[SourceVersionDate "2017.10.13"]
[SourceQuality "1"]

1. d4 d5 2. Nf3 Nf6 3. e3 g6 4. c4 e6 5. Nbd2 Bg7 6. Ne5 c6 7. Bd3 Nbd7 8. Ndf3 Nxe5 9. Nxe5 Nd7 10. Nxd7 Bxd7 11. b3 0-0 12. 0-0 f5 13. Ba3 Re8 14. Bd6 Bc8 15. c5 e5 16. dxe5 Bxe5 17. Bxe5 Rxe5 18. Qc2 Re7 19. Rfd1 Qc7 20. Re1 Be6 21. Qc3 Rae8 22. Qd4 Bd7 23. g3 Qe5 24. Qxe5 Rxe5 25. b4 Kg7 26. Re2 Kf6 27. Rb2 a6 28. a4 Ra8 29. Rab1 Ree8 30. b5 axb5 31. axb5 Ra3 32. Rb3 Rea8 33. bxc6 Rxb3 34. Rxb3 Bxc6 35. Kf1 Ra1+ 36. Rb1 Ra3 37. Be2 Rc3 38. h4 h5 39. Bf3 Rxc5 40. Ra1 Ke5 41. Ra8 d4 42. Bxc6 Rxc6 43. Re8+ Kd5 44. Rd8+ Rd6 45. Rb8 b6 46. Ke2 dxe3 47. Kxe3 Kc5 48. Rc8+ Rc6 49. Rd8 Re6+ 50. Kf4 b5 51. Rd1 b4 52. Kg5 b3 53. Rd3 Kc4 54. Rd8 Kc3 55. f4 b2 56. Rd1 Kc2 0-1

[Event "GER-chA Seniors 26th"]
[Site "Bad Neuenahr"]
[Date "2014.08.11"]
[Round "7"]
[White "Becking, Franz Josef"]
[Black "Blosze, Winfried"]
[Result "0-1"]
[WhiteElo "1948"]
[BlackElo "1848"]
[PlyCount "34"]
[EventDate "2014.08.05"]
[EventType "swiss"]
[EventRounds "9"]
[EventCountry "GER"]
[SourceTitle "EXT 2018"]
[Source "ChessBase"]
[SourceDate "2017.10.13"]
[SourceVersion "1"]
[SourceVersionDate "2017.10.13"]
[SourceQuality "1"]

1. d4 Nf6 2. Bf4 g6 3. Nd2 d5 4. e3 Bg7 5. Bd3 0-0 6. c3 b6 7. Qe2 c5 8. h4 Nc6 9. f3 Nh5 10. Bh2 e5 11. Bxe5 Nxe5 12. dxe5 Ng3 13. Qd1 Nxh1 14. Nf1 Qxh4+ 15. Ke2 Bxe5 16. f4 Bf6 17. Nf3 Qf2# 0-1

[Event "Skopje Karposh op"]
[Site "Skopje"]
[Date "2014.04.04"]
[Round "8"]
[White "Ilic, Slobodan S"]
[Black "Becking, Franz Josef"]
[Result "1/2-1/2"]
[WhiteElo "2055"]
[BlackElo "1943"]
[PlyCount "61"]
[EventDate "2014.03.29"]
[EventType "swiss"]
[EventRounds "9"]
[EventCountry "MKD"]
[SourceTitle "CBM 159 Extra"]
[Source "ChessBase"]
[SourceDate "2014.04.24"]
[SourceVersion "1"]
[SourceVersionDate "2014.04.24"]
[SourceQuality "1"]

1. c4 c6 2. Nf3 d5 3. b3 Nf6 4. g3 Bf5 5. Ba3 Nbd7 6. Bg2 h6 7. 0-0 e6 8. Bxf8 Nxf8 9. d3 N8d7 10. Nbd2 0-0 11. Qc2 e5 12. e4 Bh7 13. Nh4 dxe4 14. dxe4 Qb6 15. Rfe1 Rad8 16. h3 Nc5 17. Nf5 Ne6 18. Nf1 Nd4 19. Qc3 Rfe8 20. g4 Bxf5 21. exf5 c5 22. Re3 Qc7 23. Rae1 Rd7 24. Qc1 Rde7 25. Rg3 Qa5 26. g5 Nh5 27. gxh6 Nxg3 28. Nxg3 gxh6 29. Qxh6 Qxe1+ 30. Kh2 Qxf2 31. Qg5+ 1/2-1/2

[Event "Gibraltar Challengers-A 12th"]
[Site "Caleta"]
[Date "2014.01.31"]
[Round "5"]
[White "Becking, Franz Josef"]
[Black "Samu, Sorin Mihai"]
[Result "0-1"]
[WhiteElo "1969"]
[BlackElo "2131"]
[PlyCount "86"]
[EventDate "2014.01.27"]
[EventType "swiss"]
[EventRounds "5"]
[EventCountry "GGB"]
[SourceTitle "CBM 158 Extra"]
[Source "ChessBase"]
[SourceDate "2014.02.28"]
[SourceVersion "1"]
[SourceVersionDate "2014.02.28"]
[SourceQuality "1"]

1. d4 d6 2. e4 Nf6 3. Nc3 c6 4. Be2 Nbd7 5. Nf3 e5 6. h3 Be7 7. Be3 0-0 8. 0-0 Qc7 9. Re1 Re8 10. Bf1 a6 11. Bg5 h6 12. Bh4 g5 13. Bg3 Bf8 14. Qd2 b5 15. a3 Bg7 16. dxe5 dxe5 17. Rad1 Nh5 18. Bh2 f6 19. Nd4 Nb6 20. Nf5 Bf8 21. Be2 Nf4 22. Bxf4 exf4 23. Bh5 Re5 24. Bg4 Nc4 25. Qc1 Be6 26. h4 Re8 27. Bh5 Bf7 28. Bxf7+ Qxf7 29. Rd4 Qe6 30. Red1 Rxf5 31. exf5 Qxf5 32. Re1 Ne5 33. Ne4 Kg7 34. Nd6 Bxd6 35. Rxd6 Qg4 36. Rxe5 Rxe5 37. Qd2 f3 38. Rd7+ Kg6 39. Qd3+ Rf5 40. g3 Qh3 41. Qf1 Qxf1+ 42. Kxf1 gxh4 43. gxh4 Rd5 0-1

[Event "Gibraltar Challengers-A 12th"]
[Site "Caleta"]
[Date "2014.01.29"]
[Round "3"]
[White "Becking, Franz Josef"]
[Black "Oliveira, Maria Alice Ramos"]
[Result "1-0"]
[WhiteElo "1969"]
[BlackElo "1466"]
[PlyCount "103"]
[EventDate "2014.01.27"]
[EventType "swiss"]
[EventRounds "5"]
[EventCountry "GGB"]
[SourceTitle "CBM 158 Extra"]
[Source "ChessBase"]
[SourceDate "2014.02.28"]
[SourceVersion "1"]
[SourceVersionDate "2014.02.28"]
[SourceQuality "1"]

1. d4 Nf6 2. Bg5 d5 3. Nf3 Nbd7 4. e3 e6 5. Bd3 Be7 6. Nbd2 0-0 7. c3 b6 8. Rc1 Bb7 9. Qc2 c5 10. b3 Rc8 11. Qb1 cxd4 12. cxd4 Rxc1+ 13. Qxc1 Qc8 14. 0-0 Qxc1 15. Rxc1 Rc8 16. Rxc8+ Bxc8 17. Kf1 h6 18. Bf4 Kf8 19. Ke2 Bb4 20. Kd1 Ke7 21. Kc2 Bd6 22. Bxd6+ Kxd6 23. h3 Bb7 24. Ne1 Nb8 25. b4 Nbd7 26. Nb1 e5 27. Nc3 a6 28. Be2 exd4 29. exd4 Nb8 30. Kd3 Ne4 31. f3 Nxc3 32. Kxc3 Nd7 33. Nc2 Nf6 34. Ne3 Ke6 35. Nd1 Nh5 36. Nb2 Nf4 37. Bf1 Bc6 38. g3 Nh5 39. Bxa6 Nxg3 40. b5 Bd7 41. Na4 Ne2+ 42. Kd3 Nf4+ 43. Ke3 Nxh3 44. Nxb6 Kd6 45. a4 Ng5 46. Nxd7 Kxd7 47. Bb7 Kc7 48. Bxd5 h5 49. a5 h4 50. b6+ Kb8 51. a6 Ne6 52. a7+ 1-0

[Event "Gibraltar Challengers-A 12th"]
[Site "Caleta"]
[Date "2014.01.27"]
[Round "1"]
[White "Becking, Franz Josef"]
[Black "Perez Garcia, Alejandro"]
[Result "0-1"]
[WhiteElo "1969"]
[BlackElo "2070"]
[PlyCount "58"]
[EventDate "2014.01.27"]
[EventType "swiss"]
[EventRounds "5"]
[EventCountry "GGB"]
[SourceTitle "CBM 158 Extra"]
[Source "ChessBase"]
[SourceDate "2014.02.28"]
[SourceVersion "1"]
[SourceVersionDate "2014.02.28"]
[SourceQuality "1"]

1. d4 d5 2. Bf4 Nf6 3. e3 g6 4. Bd3 Bg7 5. h3 Nbd7 6. Nf3 b6 7. 0-0 Bb7 8. Nbd2 0-0 9. Ne5 c5 10. c3 Nxe5 11. Bxe5 Nd7 12. Bxg7 Kxg7 13. Nf3 Qc7 14. Re1 e5 15. dxe5 Nxe5 16. Nxe5 Qxe5 17. Qe2 Rfe8 18. Ba6 Bxa6 19. Qxa6 d4 20. cxd4 cxd4 21. Qa3 Rad8 22. Qxa7 dxe3 23. Qxb6 e2 24. Qb4 Rd3 25. Qb6 Red8 26. f4 Qe4 27. Qa5 R8d5 28. Qc7 Rg3 29. a3 Qxg2# 0-1

[Event "Benidorm op U2000 11th"]
[Site "Benidorm"]
[Date "2012.12.05"]
[Round "6"]
[White "Becking, Franz Josef"]
[Black "Moya Mallafre, Erik"]
[Result "0-1"]
[WhiteElo "1958"]
[BlackElo "1995"]
[PlyCount "48"]
[EventDate "2012.11.30"]
[EventType "swiss"]
[EventRounds "10"]
[EventCountry "ESP"]
[SourceTitle "EXT 2014"]
[Source "ChessBase"]
[SourceDate "2013.11.20"]
[SourceVersion "1"]
[SourceVersionDate "2013.11.20"]
[SourceQuality "1"]

1. d4 d5 2. Bf4 c5 3. e3 Nf6 4. c3 e6 5. Bd3 Nc6 6. Nd2 Bd6 7. Ngf3 0-0 8. Ne5 Qc7 9. Ndf3 b6 10. Qc2 c4 11. Be2 Ba6 12. Bg3 Ne4 13. Nxc6 Qxc6 14. Bxd6 Qxd6 15. Nd2 f5 16. 0-0 Rf6 17. f3 Ng5 18. e4 Qf4 19. exf5 Rh6 20. Kf2 exf5 21. Rh1 Re8 22. Nf1 Rhe6 23. Re1 h5 24. Qd2 Ne4+ 0-1

[Event "Benidorm op U2000 11th"]
[Site "Benidorm"]
[Date "2012.12.01"]
[Round "2"]
[White "Olmos Rosa, Fernando"]
[Black "Becking, Franz Josef"]
[Result "1-0"]
[WhiteElo "1818"]
[BlackElo "1958"]
[PlyCount "120"]
[EventDate "2012.11.30"]
[EventType "swiss"]
[EventRounds "10"]
[EventCountry "ESP"]
[SourceTitle "EXT 2014"]
[Source "ChessBase"]
[SourceDate "2013.11.20"]
[SourceVersion "1"]
[SourceVersionDate "2013.11.20"]
[SourceQuality "1"]

1. d4 d5 2. c4 e6 3. Nc3 Nf6 4. Bf4 c6 5. cxd5 exd5 6. e3 Bf5 7. a3 Bg6 8. Nf3 Ne4 9. Qb3 Qb6 10. Qxb6 axb6 11. Nxe4 Bxe4 12. Be2 Nd7 13. 0-0 Be7 14. Rac1 0-0 15. Rfd1 Rfc8 16. Nd2 Bg6 17. Rc3 b5 18. Nf3 Nb6 19. Ne5 Nc4 20. Nxg6 hxg6 21. Rc2 Kf8 22. Rdc1 Nxb2 23. Bxb5 Bxa3 24. Bf1 Nc4 25. Ra1 b5 26. Bxc4 dxc4 27. Rxa3 Ke7 28. Rxa8 Rxa8 29. Kf1 Ra3 30. e4 c3 31. Bc1 Rb3 32. Ke2 b4 33. Kd3 Kd6 34. Kc4 Rb1 35. Bf4+ Kd7 36. Ra2 Rb2 37. Ra7+ Ke8 38. Rb7 Rxf2 39. Kd3 Rxf4 40. Rxb4 c2 41. Rc4 Rf2 42. Rxc2 Rf6 43. Ke3 Re6 44. g3 Kd7 45. Ra2 g5 46. e5 Rh6 47. Ke4 Ke6 48. Ra6 Kd7 49. Ra7+ Ke6 50. Ra2 f5+ 51. Ke3 Kd5 52. Rc2 f4+ 53. Kd3 Rh3 54. Rc5+ Ke6 55. Rxc6+ Kf5 56. e6 fxg3 57. hxg3 Rxg3+ 58. Ke2 Rg4 59. Ke3 Rg1 60. d5 Re1+ 1-0

[Event "Gibraltar Masters 10th"]
[Site "Caleta"]
[Date "2012.01.31"]
[Round "8"]
[White "Notkevich, Benjamin Arvola"]
[Black "Becking, Franz Josef"]
[Result "1-0"]
[WhiteElo "2261"]
[BlackElo "1956"]
[PlyCount "104"]
[EventDate "2012.01.24"]
[EventType "swiss"]
[EventRounds "10"]
[EventCountry "GGB"]
[SourceTitle "CBM 147"]
[Source "ChessBase"]
[SourceDate "2012.03.16"]
[SourceVersion "1"]
[SourceVersionDate "2012.03.16"]
[SourceQuality "1"]

1. e4 e6 2. d4 d5 3. Nd2 dxe4 4. Nxe4 Nd7 5. Bd3 Ngf6 6. Qe2 Be7 7. Nf3 0-0 8. Bg5 c5 9. dxc5 Nxc5 10. Nxc5 Qa5+ 11. c3 Qxc5 12. 0-0 Bd7 13. Ne5 Rad8 14. Rad1 Bc6 15. Bb1 Rxd1 16. Rxd1 Rd8 17. Rxd8+ Bxd8 18. Nxc6 bxc6 19. Be3 Qe7 20. Qa6 c5 21. Qc8 Qd7 22. Qxd7 Nxd7 23. Bd3 Bb6 24. Bb5 Nf6 25. Bf4 Nd5 26. Bd6 a5 27. Kf1 f6 28. Ke2 Kf7 29. Kd3 Ba7 30. Bc6 Ne7 31. Bb7 c4+ 32. Kxc4 Bxf2 33. a4 e5 34. Bc7 Ke6 35. Bxa5 f5 36. Kd3 e4+ 37. Ke2 Bg1 38. Bc7 Nd5 39. Bb8 Bb6 40. Ba6 Bc7 41. Bxc7 Nxc7 42. Bc8+ Ke5 43. a5 f4 44. a6 Nb5 45. Bd7 Na7 46. b4 Kd6 47. Bf5 Ke5 48. Bxh7 Nb5 49. c4 Nd4+ 50. Ke1 Nc2+ 51. Kd2 f3 52. gxf3 exf3 1-0

[Event "Gibraltar Masters 10th"]
[Site "Caleta"]
[Date "2012.01.26"]
[Round "3"]
[White "Al Tamimi, Hamad"]
[Black "Becking, Franz Josef"]
[Result "1-0"]
[WhiteElo "2237"]
[BlackElo "1956"]
[PlyCount "69"]
[EventDate "2012.01.24"]
[EventType "swiss"]
[EventRounds "10"]
[EventCountry "GGB"]
[SourceTitle "CBM 147"]
[Source "ChessBase"]
[SourceDate "2012.03.16"]
[SourceVersion "1"]
[SourceVersionDate "2012.03.16"]
[SourceQuality "1"]

1. e4 d5 2. exd5 Qxd5 3. Nc3 Qa5 4. d4 c6 5. Bc4 Nf6 6. Bd2 Bf5 7. Nd5 Qd8 8. Nxf6+ gxf6 9. Nf3 Nd7 10. Qe2 Nb6 11. Bb3 e6 12. c3 Bd6 13. Nh4 Bg6 14. f4 Qe7 15. f5 exf5 16. Qxe7+ Kxe7 17. 0-0 f4 18. Bxf4 Nd5 19. Rae1+ Kd7 20. Bxd5 Bxf4 21. Bxc6+ bxc6 22. Rxf4 Rae8 23. Rxe8 Rxe8 24. Nxg6 fxg6 25. Rxf6 Re2 26. Rf7+ Kd6 27. Rxh7 Rxb2 28. Rxa7 Rc2 29. Ra3 Kd5 30. Ra5+ Kd6 31. Rc5 Rxa2 32. h4 Rb2 33. Kh2 Rb5 34. Rxb5 cxb5 35. g4 1-0

[Event "Gibraltar Masters 10th"]
[Site "Caleta"]
[Date "2012.01.25"]
[Round "2"]
[White "Becking, Franz Josef"]
[Black "Chidi, Lovinia Sylvia"]
[Result "1-0"]
[WhiteElo "1956"]
[BlackElo "1821"]
[PlyCount "73"]
[EventDate "2012.01.24"]
[EventType "swiss"]
[EventRounds "10"]
[EventCountry "GGB"]
[SourceTitle "CBM 147"]
[Source "ChessBase"]
[SourceDate "2012.03.16"]
[SourceVersion "1"]
[SourceVersionDate "2012.03.16"]
[SourceQuality "1"]

1. d4 d5 2. Bf4 e6 3. e3 Bd6 4. Bg3 c6 5. c3 Nf6 6. Bd3 Qc7 7. Nd2 a6 8. Ngf3 Nbd7 9. c4 h6 10. Rc1 dxc4 11. Nxc4 Bxg3 12. hxg3 Rf8 13. Rh4 Ng8 14. Nfe5 Ngf6 15. g4 Nb6 16. Qf3 Nxc4 17. Bxc4 Bd7 18. Kf1 Qb6 19. b3 Qb4 20. Rc2 Qe7 21. g3 0-0-0 22. Bxa6 Nd5 23. Be2 Qa3 24. Nd3 f5 25. gxf5 Rxf5 26. Qe4 Nf6 27. Qg2 Nd5 28. Kg1 Ne7 29. Ne5 Rxe5 30. dxe5 Qa5 31. Qe4 Qe1+ 32. Kg2 Rf8 33. Bf3 Kd8 34. Qb4 Qxb4 35. Rxb4 Kc7 36. Rf4 Rd8 37. Be4 1-0

[Event "Gibraltar Masters 9th"]
[Site "Caleta"]
[Date "2011.02.03"]
[Round "10"]
[White "Becking, Franz Josef"]
[Black "Cummings, David H"]
[Result "0-1"]
[WhiteElo "2029"]
[BlackElo "2366"]
[PlyCount "80"]
[EventDate "2011.01.25"]
[EventType "swiss"]
[EventRounds "10"]
[EventCountry "GGB"]
[SourceTitle "CBM 141"]
[Source "ChessBase"]
[SourceDate "2011.03.17"]
[SourceVersion "1"]
[SourceVersionDate "2011.03.17"]
[SourceQuality "1"]

1. d4 Nf6 2. Bf4 c5 3. c3 e6 4. e3 cxd4 5. exd4 b6 6. Nf3 Be7 7. Nbd2 0-0 8. Bd3 Ba6 9. Bxa6 Nxa6 10. Qe2 Nc7 11. Ne5 Ncd5 12. Bg5 Qc7 13. 0-0 d6 14. Nd3 b5 15. Rac1 Qb6 16. Rc2 a5 17. Be3 Rfc8 18. Rfc1 Qa6 19. Kf1 Rc7 20. Nf4 Nxe3+ 21. fxe3 e5 22. Nd3 e4 23. Nf2 d5 24. b3 Ba3 25. Rd1 Rac8 26. Nb1 Bd6 27. g3 Qc6 28. Rdc1 h5 29. Kg2 Be7 30. Nh3 g6 31. Nf4 Kg7 32. Nh3 Qd7 33. Nf2 Bd6 34. c4 bxc4 35. bxc4 dxc4 36. Rxc4 Qb5 37. a4 Qxc4 38. Rxc4 Rxc4 39. Nd2 Rc2 40. h3 Bb4 0-1

[Event "Gibraltar Masters 9th"]
[Site "Caleta"]
[Date "2011.02.01"]
[Round "8"]
[White "Becking, Franz Josef"]
[Black "Birkestrand, Odd Helge"]
[Result "1-0"]
[WhiteElo "2029"]
[BlackElo "1894"]
[PlyCount "55"]
[EventDate "2011.01.25"]
[EventType "swiss"]
[EventRounds "10"]
[EventCountry "GGB"]
[SourceTitle "CBM 141"]
[Source "ChessBase"]
[SourceDate "2011.03.17"]
[SourceVersion "1"]
[SourceVersionDate "2011.03.17"]
[SourceQuality "1"]

1. d4 Nf6 2. Nf3 d5 3. Bf4 g6 4. Nc3 c6 5. Qd2 Bg7 6. e3 0-0 7. Bd3 Nbd7 8. h4 Re8 9. 0-0-0 Nh5 10. Bh2 f5 11. Ng5 e5 12. dxe5 Nxe5 13. Be2 Ng4 14. Bg1 Qf6 15. f3 Nh6 16. Bf2 b5 17. e4 fxe4 18. Rdf1 exf3 19. Bxf3 Qf4 20. Nxd5 Qxd2+ 21. Kxd2 Rf8 22. Nc7 Rb8 23. Bc5 Bb7 24. Bxf8 Rxf8 25. Nce6 Ng3 26. Re1 Nhf5 27. Nxf8 Kxf8 28. Ne6+ 1-0

[Event "Gibraltar Masters 9th"]
[Site "Caleta"]
[Date "2011.01.31"]
[Round "7"]
[White "Perez Reisler, Jose"]
[Black "Becking, Franz Josef"]
[Result "1-0"]
[WhiteElo "1893"]
[BlackElo "2029"]
[PlyCount "84"]
[EventDate "2011.01.25"]
[EventType "swiss"]
[EventRounds "10"]
[EventCountry "GGB"]
[SourceTitle "CBM 141"]
[Source "ChessBase"]
[SourceDate "2011.03.17"]
[SourceVersion "1"]
[SourceVersionDate "2011.03.17"]
[SourceQuality "1"]

1. e4 e6 2. d4 d5 3. Nd2 c5 4. exd5 exd5 5. Bb5+ Nc6 6. Ngf3 a6 7. Bxc6+ bxc6 8. 0-0 Bd6 9. dxc5 Bxc5 10. Nb3 Bd6 11. Nbd4 Ne7 12. Re1 0-0 13. Bg5 Qc7 14. Bxe7 Bxe7 15. Nxc6 Qxc6 16. Rxe7 Be6 17. Nd4 Qc5 18. Rb7 Rab8 19. Rb3 Bd7 20. Qd3 Rbe8 21. h3 Re4 22. c3 Qd6 23. Qg3 Qf6 24. Qc7 Rfe8 25. Rf1 Re1 26. Rb8 Rxb8 27. Qxb8+ Re8 28. Qb7 Qd6 29. Rd1 Rb8 30. Qa7 Rxb2 31. Nb3 h6 32. Qa8+ Kh7 33. Qxd5 Qf6 34. Qd4 Qf5 35. Nc5 Bc6 36. a4 g6 37. c4 Qg5 38. g3 Qf5 39. Qxb2 Qf3 40. Rd5 Bxd5 41. cxd5 Qd1+ 42. Kh2 a5 1-0

[Event "Rheinland Pfalz op 2nd"]
[Site "Schweich"]
[Date "2010.07.16"]
[Round "3"]
[White "Biryukova, Alice"]
[Black "Becking, Franz Josef"]
[Result "0-1"]
[WhiteElo "1702"]
[BlackElo "2027"]
[PlyCount "110"]
[EventDate "2010.07.16"]
[EventType "swiss"]
[EventRounds "7"]
[EventCountry "GER"]
[SourceTitle "EXT 2012"]
[Source "ChessBase"]
[SourceDate "2011.11.24"]
[SourceVersion "1"]
[SourceVersionDate "2011.11.24"]
[SourceQuality "1"]

1. e4 e6 2. d4 d5 3. exd5 Qxd5 4. Nc3 Qd8 5. Nf3 Nf6 6. Bg5 Be7 7. Bd3 Nbd7 8. 0-0 0-0 9. Re1 c5 10. dxc5 Nxc5 11. Bc4 a6 12. b4 Ncd7 13. a3 b5 14. Bd3 Bb7 15. Qe2 Rc8 16. Nd1 Nd5 17. Bxe7 Qxe7 18. Qe4 N7f6 19. Qh4 h6 20. Ne3 Nxe3 21. Rxe3 Nd5 22. Qxe7 Nxe7 23. Ne5 Rc7 24. Rd1 Nc6 25. Nxc6 Bxc6 26. c4 bxc4 27. Bxc4 Ba4 28. Rd4 Bb5 29. Bxb5 axb5 30. h3 Rc1+ 31. Kh2 Rc2 32. Kg3 Rfc8 33. Rdd3 Kf8 34. Kf3 Ke7 35. Re2 Rxe2 36. Kxe2 Rc2+ 37. Ke3 f5 38. g4 g6 39. Rd2 Rxd2 40. Kxd2 fxg4 41. hxg4 h5 42. Ke3 Kf6 43. gxh5 gxh5 44. Kf4 e5+ 45. Kg3 Kg5 46. f3 h4+ 47. Kh3 Kf4 48. Kg2 h3+ 49. Kf2 e4 50. fxe4 Kxe4 51. Kg3 Kd4 52. a4 bxa4 53. b5 Kc5 54. b6 Kxb6 55. Kxh3 a3 0-1

[Event "Saarland-ch MB 85th"]
[Site "Homburg"]
[Date "2010.04.01"]
[Round "7"]
[White "Jochem, Harald"]
[Black "Becking, Franz Josef"]
[Result "1/2-1/2"]
[WhiteElo "1860"]
[BlackElo "2001"]
[PlyCount "22"]
[EventDate "2010.03.27"]
[EventType "swiss"]
[EventRounds "9"]
[EventCountry "GER"]
[SourceTitle "EXT 2011"]
[Source "ChessBase"]
[SourceDate "2010.11.26"]
[SourceVersion "1"]
[SourceVersionDate "2010.11.26"]
[SourceQuality "1"]

1. e4 Nf6 2. e5 Ng8 3. f4 d5 4. d4 e6 5. Nf3 c5 6. c3 Nc6 7. Be2 Qb6 8. 0-0 Nh6 9. Kh1 cxd4 10. Nxd4 Nxd4 11. cxd4 Nf5 1/2-1/2